000 00897aam a2200313 a 4500
001 ocm38179958
003 0
005 20230123133544.0
008 971204s1997 enka b 001 0 eng
010 _a97222182
015 _aGB98-15745
019 _a38519151
020 _a0750625317
029 1 _aUKM
_bb9815745
035 _bH130
040 _aDLC
_cNUST
_dUKM
049 _aMAIN
090 _aTK7836
100 1 _aTricker, Ray.
245 1 0 _aQuality and standards in electronics /
_cRaymond L. Tricker.
260 _aOxford ;
_aBoston :
_bNewnes,
_c1997.
300 _axvii, 236 p. :
_bill. ;
_c25 cm.
504 _aIncludes bibliographical references (p. [202]-204) and index.
650 0 _aElectronic industries
_xQuality control.
650 0 _aISO 9000 Series Standards.
907 _a.b10026903
_b23-12-03
_c17-04-03
994 _a92
_bZNA
942 _cBOOKS
_kTK7836
999 _c150635
_d150635